PRINCIPLES CENTRED LEADERSHIP (Record no. 13689)

MARC details
000 -LEADER
fixed length control field 00258nam a22001217a 4500
003 - CONTROL NUMBER IDENTIFIER
control field SGT
082 ## - DEWEY DECIMAL CLASSIFICATION NUMBER
Item number COV
100 ## - MAIN ENTRY--PERSONAL NAME
Personal name COVEY, STEPHEN R.
245 ## - TITLE STATEMENT
Title PRINCIPLES CENTRED LEADERSHIP
260 ## - PUBLICATION, DISTRIBUTION, ETC. (IMPRINT)
Name of publisher, distributor, etc SIMON & SCHUSTER UK.
Year of Publication 1991
300 ## - PAGE DESCRIPTION
No. of Pages 332
942 ## - ADDED ENTRY ELEMENTS (KOHA)
Source of classification or shelving scheme Dewey Decimal Classification
Koha item type Books
Holdings
Withdrawn status Lost status Source of classification or shelving scheme Damaged status Not for loan Collection code Home library Current library Shelving location Date acquired SGTU Full call number Accession No. (Barcode) Date last seen Bill Date Koha item type
    Dewey Decimal Classification     EDUCATION SGT Engineering Library SGT Engineering Library Text Book 07/10/2017 SGTU COV ED3310 07/10/2017 07/10/2017 Books